000 00619nam a22001937a 4500
005 20171103114613.0
010 _aENG-121192
020 _a9789385144363
_c695.00
035 _aEN-104724
037 _bDBAD/PUB
082 _a341.480968
100 _aBhatnagar,Juhi
245 _aGlobalization, human right and governance in South Africa and India /
_cby Juhi Bhatnagar
260 _a Delhi
_bShivalik Prakashan
_c2015
270 _a27/16, Shakti Nagar
_bDelhi
_e110007
300 _axiii,106p.
_c22cm(Hb)
500 _aIncludes bibliographical references
942 _2ddc
_cEN
_h341.480968
_mBHA
999 _c147134
_d147134